Grafénové nanomateriály dopované prechodnými kovmi a vodíková energia

Saved in:
Bibliographic Details
Main Author: Müllerová, Simona (Author)
Other Authors: Malček, Michal (Thesis advisor)
Format: Manuscript Book
Language:Slovak
Published: 2022
Subjects:
Online Access:http://is.stuba.sk/zp/portal_zp.pl?podrobnosti=163759
Tags: Add Tag
No Tags, Be the first to tag this record!

MARC

LEADER 00000ntm a22000003a 4500
001 stuzp88994
003 SK-STU
005 20220604210352.5
007 ta
008 150427s2015----xo-----f-mn---000-0-slo-d
040 |a STU  |b slo 
041 0 |a slo 
100 1 |a Müllerová, Simona  |u 045210  |4 aut  |U FCHPT Ústav fyzikálnej chémie a chemickej fyziky  |T FCHPT Oddelenie fyzikálnej chémie  |X 82100  |U C5210  |Y 117  |7 82100 
242 0 1 |a Graphene-based nanomaterials doped with transition metals and hydrogen energy  |y eng 
245 1 0 |a Grafénové nanomateriály dopované prechodnými kovmi a vodíková energia 
260 |c 2022 
650 4 |a cirkumkoronén  |2 slo 
650 4 |a dopovanie  |2 slo 
650 4 |a dekorovanie  |2 slo 
650 4 |a DFT  |2 slo 
650 4 |a QTAIM analýza  |2 slo 
650 4 |a vodíková energia  |2 slo 
650 4 |a circumcoronen  |2 eng 
650 4 |a doping  |2 eng 
650 4 |a decorating  |2 eng 
650 4 |a DFT  |2 eng 
650 4 |a QTAIM analysis  |2 eng 
650 4 |a hydrogen energy  |2 eng 
700 1 |a Malček, Michal  |u 045210  |k Z1  |4 ths  |U FCHPT Ústav fyzikálnej chémie a chemickej fyziky  |T FCHPT Oddelenie fyzikálnej chémie  |X 40681  |U C5210  |Y 117  |7 A000040681 
856 4 |u http://is.stuba.sk/zp/portal_zp.pl?podrobnosti=163759